Wszyscy Strzelcy Barcelony w La Liga 2019/20 - Statystyki

Ogólne statystyki
  • Ten quiz został rozwiązany 396 razy
  • Średni wynik to 13 z 18
Statystyki odpowiedzi
# Narodowość Nazwisko % Poprawnych
25 Argentyna Lionel Messi
100%
16 Urugwaj Luis Suarez
99%
8 Chile Artuto Vidal
92%
1 Hiszpania Gerard Pique
86%
1 Chorwacja Ivan Rakitić
85%
9 Francja Antoine Griezmann
84%
2 Holandia Frenkie de Jong
83%
2 Hiszpania Jordi Alba
80%
1 Francja Ousmane Dembele
76%
2 Hiszpania Sergio Busquets
74%
2 Francja Clement Lenglet
68%
7 Hiszpania Ansu Fati
66%
1 Portugalia Nelson Semedo
60%
1 Hiszpania Sergi Roberto
59%
3 Brazylia Arthur
53%
1 Dania Martin Braithwaite
53%
1 Hiszpania Junior Firpo
22%
1 Hiszpania Carlos Perez
11%
Nie znaleziono quizów pasujących do podanych kryteriów
Rozkład punktacji
Procent ludzi z każdym wynikiem
Percentyl według liczby udzielonych odpowiedzi
Twoja historia wyników
Nie rozwiązałeś tego quizu